[Event "5. Trofeu Illes Balears"]
[Site "Petra ESP"]
[Date "2010.12.11"]
[Round "1.1"]
[White "Garcia Del Rey, Senen"]
[Black "Massanet Massanet, Sebastian"]
[Result "1-0"]
[WhiteElo "2326"]
[BlackElo "2263"]
[PlyCount "93"]
[EventDate "2010.12.11"]
[EventType "tourn"]
[EventRounds "9"]
[EventCountry "ESP"]
[EventCategory "4"]
[Source "lmi"]
[SourceDate "2010.12.11"]

1. c4 e5 2. Nc3 Nf6 3. g3 Nc6 4. Bg2 Bb4 5. Nd5 Bc5 6. e3 O-O 7. Ne2 d6 8. d4
Bb6 9. Nxb6 axb6 10. d5 Nb4 11. Qb3 Na6 12. e4 Bg4 13. f3 Bh5 14. g4 Bg6 15.
Bg5 Nc5 16. Qc2 h6 17. Bh4 Bh7 18. Nc3 g5 19. Bf2 Nfd7 20. b4 Na6 21. Qb3 Kg7
22. O-O-O Rh8 23. Kb2 Nf8 24. h4 Ng6 25. h5 Nf8 26. Rd2 Nd7 27. Nd1 Qe7 28. Bf1
Rhb8 29. a3 Qf6 30. Be2 Kh8 31. Be3 Qe7 32. Nc3 Kg7 33. Rc1 Bg8 34. Kc2 Bh7 35.
Kd1 Kh8 36. Ke1 Kg7 37. Kf2 Kh8 38. Kg3 Kg7 39. Qb2 Kg8 40. Bd1 Kg7 41. Ba4 Nf6
42. Qb3 Qf8 43. Bb5 Qc8 44. Qd1 Qf8 45. Qe2 Qe7 46. Qd3 Qf8 47. Rdc2 1-0

[Event "5. Trofeu Illes Balears"]
[Site "Petra ESP"]
[Date "2010.12.11"]
[Round "1.2"]
[White "Queirolo Perez, Manuel"]
[Black "Galiana Salom, Juan Ramon"]
[Result "0-1"]
[WhiteElo "2105"]
[BlackElo "2222"]
[PlyCount "100"]
[EventDate "2010.12.11"]
[EventType "tourn"]
[EventRounds "9"]
[EventCountry "ESP"]
[EventCategory "4"]
[Source "lmi"]
[SourceDate "2010.12.11"]

1. e4 e6 2. d4 d5 3. Nc3 Nf6 4. exd5 exd5 5. Bg5 Be7 6. Be2 c6 7. Nf3 Bf5 8.
O-O O-O 9. a3 Nbd7 10. Re1 Re8 11. Bd3 Bg4 12. h3 Bxf3 13. Qxf3 Qb6 14. Be3 Bf8
15. g4 g6 16. h4 h5 17. gxh5 Nxh5 18. Ne2 Bg7 19. b4 Ndf6 20. Kh1 Re6 21. Rg1
Rae8 22. Rg2 Ne4 23. Rag1 Qd8 24. Qg4 Kh8 25. Bc1 Qe7 26. f3 Nef6 27. Qh3 Qf8
28. f4 Ne4 29. f5 Rf6 30. Bxe4 Rxe4 31. fxg6 fxg6 32. Ng3 Rf3 33. Qh2 Bxd4 34.
Nxe4 dxe4 35. Rxg6 Bxg1 36. Qe5+ Nf6 37. Kxg1 Qd8 38. Rh6+ Kg7 39. Qg5+ Kf7 40.
Qd2 Qg8+ 41. Qg2 Rg3 42. Rxf6+ Kxf6 43. Bg5+ Qxg5 44. hxg5+ Rxg5 45. c4 Rxg2+
46. Kxg2 Ke5 47. Kf2 Kd4 48. c5 Kd3 49. Ke1 Ke3 50. a4 a6 0-1

[Event "5. Trofeu Illes Balears"]
[Site "Petra ESP"]
[Date "2010.12.11"]
[Round "1.3"]
[White "Berger, Steve"]
[Black "Aroshidze, Levan"]
[Result "1/2-1/2"]
[WhiteElo "2423"]
[BlackElo "2545"]
[PlyCount "107"]
[EventDate "2010.12.11"]
[EventType "tourn"]
[EventRounds "9"]
[EventCountry "ESP"]
[EventCategory "4"]
[Source "lmi"]
[SourceDate "2010.12.11"]

1. e4 c5 2. Nc3 e6 3. Nf3 a6 4. d4 cxd4 5. Nxd4 Qc7 6. g3 Nc6 7. Bg2 Nf6 8. O-O
d6 9. Re1 Nd7 10. Bg5 Nce5 11. a4 h6 12. Bc1 Be7 13. f4 Nc6 14. Nxc6 bxc6 15.
b3 O-O 16. Bb2 Bb7 17. Qg4 Nf6 18. Qe2 d5 19. e5 Nd7 20. Nd1 Rfe8 21. Nf2 Bf8
22. h4 c5 23. Rad1 Rab8 24. g4 c4 25. g5 hxg5 26. hxg5 Bc5 27. bxc4 Nb6 28. Bd4
Nxc4 29. Ng4 Bxd4+ 30. Rxd4 Qc5 31. c3 Red8 32. Qf2 Kf8 33. f5 Bc8 34. f6 g6
35. Bf1 Na5 36. Rb4 Qxf2+ 37. Kxf2 Nc6 38. Rxb8 Nxb8 39. Rb1 Bd7 40. Bxa6 Bxa4
41. Bd3 Nd7 42. Ke3 Rb8 43. Ra1 Bc6 44. Ra6 Rb6 45. Rxb6 Nxb6 46. Kd4 Nd7 47.
Ba6 Ba4 48. Ne3 Ke8 49. c4 dxc4 50. Nxc4 Nb8 51. Nd6+ Kf8 52. Bb7 Bc6 53. Bc8
Bd5 54. Ke3 1/2-1/2

[Event "5. Trofeu Illes Balears"]
[Site "Petra ESP"]
[Date "2010.12.11"]
[Round "1.4"]
[White "Dovramadjiev, Tihomir"]
[Black "Ducros Salva, Antonio"]
[Result "1/2-1/2"]
[WhiteElo "2342"]
[BlackElo "2254"]
[PlyCount "157"]
[EventDate "2010.12.11"]
[EventType "tourn"]
[EventRounds "9"]
[EventCountry "ESP"]
[EventCategory "4"]
[Source "lmi"]
[SourceDate "2010.12.11"]

1. c4 e5 2. g3 d6 3. Bg2 g6 4. Nc3 Bg7 5. d3 f5 6. e3 Nf6 7. Nge2 c6 8. f4 O-O
9. O-O a5 10. Rb1 Be6 11. h3 Re8 12. Kh2 Na6 13. a3 Nc7 14. b4 axb4 15. axb4
Bf7 16. Qc2 d5 17. cxd5 Nfxd5 18. Nxd5 Bxd5 19. e4 Be6 20. fxe5 Bxe5 21. d4 Bg7
22. b5 Ra2 23. Rb2 Rxb2 24. Bxb2 Nxb5 25. d5 Bxb2 26. Qxb2 Bd7 27. exf5 gxf5
28. dxc6 bxc6 29. Rd1 Qe7 30. Nf4 Nc7 31. Qb7 Nd5 32. Rxd5 cxd5 33. Nxd5 Qd6
34. Qxd7 Qxd7 35. Nf6+ Kf7 36. Nxd7 Re3 37. Nb6 Ra3 38. Nd5 Ke6 39. h4 Ke5 40.
Nf4 Ra4 41. Nh5 Rc4 42. Kg1 Rc2 43. Kh2 Rc4 44. Kh3 Rc3 45. Bf1 Rc2 46. Bd3 Rd2
47. Bc4 Rc2 48. Bg8 h6 49. Nf4 Rd2 50. Bf7 Kf6 51. Bc4 Ke5 52. Be2 Ke4 53. Kg2
Ke3 54. Kf1 Ra2 55. Ng2+ Ke4 56. Kf2 Rb2 57. Nf4 Ra2 58. Nh5 Rd2 59. Nf6+ Ke5
60. Ng8 Rd6 61. Kf3 Rb6 62. h5 Rb3+ 63. Kf2 Rb6 64. Ke3 Ra6 65. Bd3 Re6 66. Kf3
Rd6 67. Ke2 Rc6 68. Ke3 Rb6 69. Ne7 Rb3 70. Ng8 Rb6 71. Bc2 Rb2 72. Ba4 Rb6 73.
Kf3 Ra6 74. Bd1 Ra3+ 75. Kf2 Ra6 76. Kg2 Rd6 77. Be2 Rb6 78. Bc4 f4 79. Bf7
1/2-1/2

[Event "5. Trofeu Illes Balears"]
[Site "Petra ESP"]
[Date "2010.12.11"]
[Round "1.5"]
[White "Pons Sastre, Santiago"]
[Black "Lalic, Bogdan"]
[Result "1/2-1/2"]
[WhiteElo "2389"]
[BlackElo "2492"]
[PlyCount "24"]
[EventDate "2010.12.11"]
[EventType "tourn"]
[EventRounds "9"]
[EventCountry "ESP"]
[EventCategory "4"]
[Source "lmi"]
[SourceDate "2010.12.11"]

1. c4 Nf6 2. Nc3 e5 3. Nf3 Nc6 4. e3 Bb4 5. Qc2 Bxc3 6. Qxc3 Qe7 7. a3 d5 8. d4
exd4 9. Nxd4 Nxd4 10. Qxd4 dxc4 11. Bxc4 O-O 12. Bd2 Qe4 1/2-1/2

[Event "5. Trofeu Illes Balears"]
[Site "Petra ESP"]
[Date "2010.12.12"]
[Round "2.1"]
[White "Massanet Massanet, Sebastian"]
[Black "Lalic, Bogdan"]
[Result "0-1"]
[WhiteElo "2263"]
[BlackElo "2492"]
[PlyCount "80"]
[EventDate "2010.12.11"]
[EventType "tourn"]
[EventRounds "9"]
[EventCountry "ESP"]
[EventCategory "4"]
[Source "lmi"]
[SourceDate "2010.12.11"]

1. e4 e6 2. d4 d5 3. Nd2 Nc6 4. Ngf3 Nf6 5. e5 Nd7 6. Nb3 Be7 7. h4 f6 8. exf6
Nxf6 9. Bg5 O-O 10. Bb5 Ne4 11. Bxe7 Qxe7 12. c3 Bd7 13. Qe2 a5 14. Bd3 a4 15.
Nbd2 e5 16. Nxe4 dxe4 17. Qxe4 Bf5 18. Bc4+ Kh8 19. Qe3 Rae8 20. d5 e4 21. Nd4
Nxd4 22. Qxd4 e3 23. f3 Qd6 24. O-O-O Qg3 25. Be2 h6 26. Rdf1 Bh7 27. Qg4 Qd6
28. Rd1 Rf4 29. Qg3 a3 30. b3 Rc4 31. Qe1 Rc5 32. Rd4 Qg6 33. Bd3 Qxg2 34. Be2
Qg6 35. Bd3 Qf6 36. Kb1 Bxd3+ 37. Rxd3 Qxf3 38. c4 Qe4 39. Kc2 b5 40. Kc3 Rxc4+
0-1

[Event "5. Trofeu Illes Balears"]
[Site "Petra ESP"]
[Date "2010.12.12"]
[Round "2.2"]
[White "Ducros Salva, Antonio"]
[Black "Pons Sastre, Santiago"]
[Result "1/2-1/2"]
[WhiteElo "2254"]
[BlackElo "2389"]
[PlyCount "46"]
[EventDate "2010.12.11"]
[EventType "tourn"]
[EventRounds "9"]
[EventCountry "ESP"]
[EventCategory "4"]
[Source "lmi"]
[SourceDate "2010.12.11"]

1. c4 e6 2. g3 d5 3. Bg2 Nf6 4. Nf3 c5 5. O-O Be7 6. d4 O-O 7. cxd5 Nxd5 8. Nc3
Nc6 9. Nxd5 exd5 10. dxc5 Bxc5 11. Ne1 d4 12. Nd3 Bb6 13. b4 Re8 14. b5 Na5 15.
Bd2 Nc4 16. Bb4 Nd6 17. a4 Ne4 18. a5 Bc7 19. Nc5 Nxc5 20. Bxc5 Bxa5 21. Qxd4
Rxe2 22. Qxd8+ Bxd8 23. Rxa7 Rxa7 1/2-1/2

[Event "5. Trofeu Illes Balears"]
[Site "Petra ESP"]
[Date "2010.12.12"]
[Round "2.3"]
[White "Aroshidze, Levan"]
[Black "Dovramadjiev, Tihomir"]
[Result "1-0"]
[WhiteElo "2545"]
[BlackElo "2342"]
[PlyCount "91"]
[EventDate "2010.12.11"]
[EventType "tourn"]
[EventRounds "9"]
[EventCountry "ESP"]
[EventCategory "4"]
[Source "lmi"]
[SourceDate "2010.12.11"]

1. e4 c5 2. Nf3 Nc6 3. d4 cxd4 4. Nxd4 g6 5. Nc3 Bg7 6. Be3 Nf6 7. Bc4 Qa5 8.
O-O O-O 9. Bb3 d6 10. h3 Bd7 11. Re1 Rac8 12. Qd2 Rfe8 13. Nxc6 Bxc6 14. Bh6
Bxh6 15. Qxh6 Qc5 16. Qf4 Rcd8 17. Rad1 b5 18. Rd3 a5 19. e5 dxe5 20. Rxe5 Qb4
21. Qxb4 axb4 22. Nxb5 Rxd3 23. cxd3 Nd7 24. Rg5 e5 25. Nd6 Re7 26. Nxf7 Kg7
27. Nd6 Kf6 28. Rg4 Nc5 29. Rxb4 Rd7 30. Ne4+ Bxe4 31. dxe4 Rd2 32. Rb6+ Kg5
33. Bd5 Nd3 34. a4 Nxf2 35. Rb3 Nd3 36. a5 Kf4 37. Kh2 Ne1 38. Rg3 h5 39. h4 g5
40. a6 g4 41. a7 Nf3+ 42. Rxf3+ gxf3 43. a8=Q Rxg2+ 44. Kh1 Kg3 45. Qg8+ Kf2
46. Qg5 1-0

[Event "5. Trofeu Illes Balears"]
[Site "Petra ESP"]
[Date "2010.12.12"]
[Round "2.4"]
[White "Galiana Salom, Juan Ramon"]
[Black "Berger, Steve"]
[Result "0-1"]
[WhiteElo "2222"]
[BlackElo "2423"]
[PlyCount "92"]
[EventDate "2010.12.11"]
[EventType "tourn"]
[EventRounds "9"]
[EventCountry "ESP"]
[EventCategory "4"]
[Source "lmi"]
[SourceDate "2010.12.11"]

1. e4 d5 2. exd5 Qxd5 3. Nc3 Qa5 4. b4 Qxb4 5. Rb1 Qd6 6. Qf3 c6 7. Bc4 Nf6 8.
Nge2 Nbd7 9. d4 Nb6 10. Ne4 Qd7 11. Nxf6+ gxf6 12. Bxf7+ Kxf7 13. Qh5+ Kg8 14.
Rb3 h6 15. Rg3+ Bg7 16. Nf4 e6 17. O-O Qf7 18. Ng6 Kh7 19. Qf3 Rd8 20. Ne5 Qf8
21. Ng4 e5 22. Bxh6 Bxh6 23. Nxf6+ Kh8 24. Rg8+ Qxg8 25. Nxg8 Rxg8 26. Qf6+ Kh7
27. Qxe5 Bd7 28. Qe4+ Rg6 29. h4 Re8 30. Qd3 Kg7 31. c4 Be6 32. h5 Rg5 33. d5
cxd5 34. f4 Rg4 35. f5 Bf7 36. f6+ Kh8 37. c5 Be3+ 38. Kh2 Bxc5 39. Qd2 Rh4+
40. Kg3 Rxh5 41. Qc1 Rg8+ 42. Kf3 Rf5+ 43. Ke2 Rxg2+ 44. Kd3 Rg3+ 45. Kc2 Rxf1
46. Qxf1 Bg6+ 0-1

[Event "5. Trofeu Illes Balears"]
[Site "Petra ESP"]
[Date "2010.12.12"]
[Round "2.5"]
[White "Garcia Del Rey, Senen"]
[Black "Queirolo Perez, Manuel"]
[Result "1-0"]
[WhiteElo "2326"]
[BlackElo "2105"]
[PlyCount "85"]
[EventDate "2010.12.11"]
[EventType "tourn"]
[EventRounds "9"]
[EventCountry "ESP"]
[EventCategory "4"]
[Source "lmi"]
[SourceDate "2010.12.11"]

1. c4 Nf6 2. Nf3 d6 3. g3 e5 4. Bg2 Nc6 5. Nc3 Be7 6. d4 exd4 7. Nxd4 Bd7 8.
O-O Nxd4 9. Qxd4 Bc6 10. Nd5 Bxd5 11. cxd5 O-O 12. Be3 Qd7 13. Rac1 Rfc8 14.
Qc4 Ne8 15. Rc2 Bf6 16. Rfc1 b5 17. Qb3 Rcb8 18. a3 a5 19. Be4 g6 20. Bd3 Bg7
21. f3 h5 22. Kg2 Bf6 23. Rc6 b4 24. a4 Qe7 25. Bf2 Qe5 26. R1c2 g5 27. e4 h4
28. Re2 Qe7 29. Bb5 Be5 30. Qd3 Qf6 31. Rcc2 Rxb5 32. axb5 a4 33. b6 cxb6 34.
Be3 b3 35. Rcd2 a3 36. bxa3 b2 37. Qb5 Rxa3 38. Qxe8+ Kg7 39. Qb5 h3+ 40. Kf2
Bxg3+ 41. Kxg3 Qh6 42. Qxb2+ Kh7 43. Kf2 1-0

[Event "5. Trofeu Illes Balears"]
[Site "Petra ESP"]
[Date "2010.12.12"]
[Round "3.1"]
[White "Queirolo Perez, Manuel"]
[Black "Massanet Massanet, Sebastian"]
[Result "1-0"]
[WhiteElo "2105"]
[BlackElo "2263"]
[PlyCount "77"]
[EventDate "2010.12.11"]
[EventType "tourn"]
[EventRounds "9"]
[EventCountry "ESP"]
[EventCategory "4"]
[Source "lmi"]
[SourceDate "2010.12.11"]

1. e4 e6 2. d4 d5 3. Nc3 Nf6 4. e5 Nfd7 5. Nce2 c5 6. f4 Nc6 7. Nf3 Qb6 8. c3
cxd4 9. cxd4 Bb4+ 10. Bd2 f6 11. Bxb4 Qxb4+ 12. Qd2 Qb6 13. Nc3 O-O 14. O-O-O
Qa5 15. Bd3 Nb4 16. Bb1 b5 17. h4 Bb7 18. a3 Rfc8 19. axb4 Qxb4 20. Qd3 f5 21.
Rd2 Nb6 22. Ng5 Nc4 23. Rc2 Nxb2 24. Qxb5 Qxd4 25. Qxb2 Qe3+ 26. Kd1 Ba6 27.
Re1 Qxf4 28. Nxe6 Qg4+ 29. Ne2 Rcb8 30. Qa2 Bc4 31. Rxc4 dxc4 32. N6d4 Rb4 33.
Bxf5 Qxh4 34. g3 Qd8 35. Rh1 g6 36. Be4 Rc8 37. Qxa7 Rc7 38. Qa5 Qe7 39. Bd5+
1-0

[Event "5. Trofeu Illes Balears"]
[Site "Petra ESP"]
[Date "2010.12.12"]
[Round "3.2"]
[White "Berger, Steve"]
[Black "Garcia Del Rey, Senen"]
[Result "1/2-1/2"]
[WhiteElo "2423"]
[BlackElo "2326"]
[PlyCount "109"]
[EventDate "2010.12.11"]
[EventType "tourn"]
[EventRounds "9"]
[EventCountry "ESP"]
[EventCategory "4"]
[Source "lmi"]
[SourceDate "2010.12.11"]

1. e4 c5 2. Nc3 Nc6 3. Bb5 Nd4 4. Nf3 e6 5. Nxd4 cxd4 6. Ne2 Qg5 7. a4 a6 8.
Bd3 Qxg2 9. Ng3 Qh3 10. f4 Nf6 11. Qf3 h5 12. e5 h4 13. Bf1 Qg4 14. Qxg4 Nxg4
15. Ne4 b6 16. Bg2 Rb8 17. b3 Bb7 18. Bb2 h3 19. Nd6+ Bxd6 20. Bxb7 Rxb7 21.
exd6 Nh6 22. Bxd4 Nf5 23. Bc3 f6 24. Bb4 Rh4 25. Rf1 g5 26. Bc3 Kf7 27. fxg5
Re4+ 28. Kf2 fxg5 29. d3 Rf4+ 30. Ke2 Rxf1 31. Rxf1 Rb8 32. Be5 Kg6 33. c4 a5
34. d4 Rf8 35. Kd3 g4 36. Kc3 Rf7 37. Rg1 Ne3 38. c5 Kh5 39. cxb6 Nd5+ 40. Kc4
Nxb6+ 41. Kb5 Nd5 42. Kxa5 Rf8 43. Rc1 Ra8+ 44. Kb5 Rb8+ 45. Ka6 Rxb3 46. a5
Nb4+ 47. Ka7 Nd3 48. Rc8 Nxe5 49. dxe5 g3 50. hxg3 Kg4 51. a6 h2 52. Rh8 Kxg3
53. Ka8 Kg2 54. Rxh2+ Kxh2 55. a7 1/2-1/2

[Event "5. Trofeu Illes Balears"]
[Site "Petra ESP"]
[Date "2010.12.12"]
[Round "3.3"]
[White "Dovramadjiev, Tihomir"]
[Black "Galiana Salom, Juan Ramon"]
[Result "1-0"]
[WhiteElo "2342"]
[BlackElo "2222"]
[PlyCount "71"]
[EventDate "2010.12.11"]
[EventType "tourn"]
[EventRounds "9"]
[EventCountry "ESP"]
[EventCategory "4"]
[Source "lmi"]
[SourceDate "2010.12.11"]

1. c4 e5 2. g3 Nf6 3. Bg2 d5 4. cxd5 Nxd5 5. Nc3 Nb6 6. Nf3 Nc6 7. O-O Be7 8.
Rb1 Bf5 9. d3 Qd7 10. Be3 O-O 11. b4 f6 12. b5 Nd4 13. a4 a5 14. bxa6 Rxa6 15.
Nh4 Bh3 16. Bxb7 Nxa4 17. Bxd4 exd4 18. Nxa4 Rxa4 19. Qc2 c5 20. Bg2 Bxg2 21.
Nxg2 Rb4 22. Qa2+ Kh8 23. Nf4 Rfb8 24. Ra1 Bf8 25. Qe6 Qe8 26. Ra7 R4b6 27. Qf5
Qe5 28. Qd7 Qe8 29. Rfa1 Qxd7 30. Rxd7 Rb1+ 31. Rxb1 Rxb1+ 32. Kg2 Rb6 33. Kf3
Kg8 34. Ke4 g6 35. Kd5 Rb8 36. Ne6 1-0

[Event "5. Trofeu Illes Balears"]
[Site "Petra ESP"]
[Date "2010.12.12"]
[Round "3.4"]
[White "Pons Sastre, Santiago"]
[Black "Aroshidze, Levan"]
[Result "1/2-1/2"]
[WhiteElo "2389"]
[BlackElo "2545"]
[PlyCount "40"]
[EventDate "2010.12.11"]
[EventType "tourn"]
[EventRounds "9"]
[EventCountry "ESP"]
[EventCategory "4"]
[Source "lmi"]
[SourceDate "2010.12.11"]

1. c4 Nf6 2. Nc3 c5 3. g3 e6 4. Nf3 b6 5. Bg2 Bb7 6. O-O a6 7. b3 d6 8. Bb2 Be7
9. d4 cxd4 10. Nxd4 Bxg2 11. Kxg2 O-O 12. e3 Qc8 13. f4 Nc6 14. Nxc6 Qxc6+ 15.
Qf3 Rfc8 16. Qxc6 Rxc6 17. Kf3 Rb8 18. Rac1 Nd7 19. Ne4 Kf8 20. g4 Rbc8 1/2-1/2

[Event "5. Trofeu Illes Balears"]
[Site "Petra ESP"]
[Date "2010.12.12"]
[Round "3.5"]
[White "Lalic, Bogdan"]
[Black "Ducros Salva, Antonio"]
[Result "1-0"]
[WhiteElo "2492"]
[BlackElo "2254"]
[PlyCount "100"]
[EventDate "2010.12.11"]
[EventType "tourn"]
[EventRounds "9"]
[EventCountry "ESP"]
[EventCategory "4"]
[Source "lmi"]
[SourceDate "2010.12.11"]

1. d4 f5 2. g3 g6 3. Bg2 Bg7 4. Nh3 d6 5. Nc3 c6 6. e4 Nh6 7. O-O O-O 8. d5 c5
9. Nf4 Na6 10. h3 Nc7 11. a4 Rb8 12. Re1 b6 13. Nb5 a6 14. Nxc7 Qxc7 15. Qe2 b5
16. axb5 axb5 17. c3 Rf7 18. Bd2 fxe4 19. g4 Kh8 20. Qxe4 Bd7 21. Ne6 Bxe6 22.
Qxe6 Rbf8 23. f4 b4 24. Qe2 bxc3 25. bxc3 Re8 26. Qa6 Rff8 27. Qa7 Qxa7 28.
Rxa7 Ng8 29. g5 Ra8 30. Rea1 Rab8 31. R1a2 Rb3 32. Rc2 Rfb8 33. Bf3 Rb2 34. Ra2
R2b3 35. Bg4 e5 36. dxe6 d5 37. Ra7 R3b7 38. Rxb7 Rxb7 39. Kf2 Ne7 40. Ra2 h6
41. gxh6 Bxh6 42. Be3 Bg7 43. Ra8+ Kh7 44. Bxc5 Bxc3 45. Rd8 Bf6 46. Rd7 Rxd7
47. exd7 Nc6 48. Be6 d4 49. Bc4 Kg7 50. Kf3 Na5 1-0

[Event "5. Trofeu Illes Balears"]
[Site "Petra ESP"]
[Date "2010.12.13"]
[Round "4.1"]
[White "Massanet Massanet, Sebastian"]
[Black "Ducros Salva, Antonio"]
[Result "0-1"]
[WhiteElo "2263"]
[BlackElo "2254"]
[PlyCount "50"]
[EventDate "2010.12.11"]
[EventType "tourn"]
[EventRounds "9"]
[EventCountry "ESP"]
[EventCategory "4"]
[Source "lmi"]
[SourceDate "2010.12.11"]

1. e4 c5 2. Nf3 Nc6 3. d4 cxd4 4. Nxd4 g6 5. Nc3 Bg7 6. Be3 Nf6 7. Bc4 O-O 8.
Bb3 a5 9. O-O a4 10. Nxa4 Nxe4 11. Nb5 Rxa4 12. Bxa4 Bxb2 13. Rb1 Bg7 14. c4 d6
15. Qe2 Nf6 16. Na7 Nxa7 17. Bb6 Bg4 18. f3 Qa8 19. fxg4 Nc8 20. Bd1 Nxb6 21.
Rxb6 Qa7 22. c5 Nd5 23. Bb3 Nxb6 24. Bxf7+ Rxf7 25. Qe6 Nd5 0-1

[Event "5. Trofeu Illes Balears"]
[Site "Petra ESP"]
[Date "2010.12.13"]
[Round "4.2"]
[White "Aroshidze, Levan"]
[Black "Lalic, Bogdan"]
[Result "1/2-1/2"]
[WhiteElo "2545"]
[BlackElo "2492"]
[PlyCount "52"]
[EventDate "2010.12.11"]
[EventType "tourn"]
[EventRounds "9"]
[EventCountry "ESP"]
[EventCategory "4"]
[Source "lmi"]
[SourceDate "2010.12.11"]

1. e4 e5 2. Nf3 Nf6 3. Nxe5 d6 4. Nf3 Nxe4 5. d4 d5 6. Bd3 Bd6 7. O-O O-O 8. c4
c6 9. Nc3 Nxc3 10. bxc3 dxc4 11. Bxc4 Bg4 12. Qd3 Bh5 13. Bg5 Qc7 14. Rfe1 Nd7
15. Be7 Bg6 16. Qe2 Bxe7 17. Qxe7 Rac8 18. Bb3 Nf6 19. Qa3 c5 20. Ne5 b5 21. h3
a5 22. Nxg6 hxg6 23. Re5 a4 24. Bd1 cxd4 25. cxd4 Qc4 26. Qb2 Nd5 1/2-1/2

[Event "5. Trofeu Illes Balears"]
[Site "Petra ESP"]
[Date "2010.12.13"]
[Round "4.3"]
[White "Galiana Salom, Juan Ramon"]
[Black "Pons Sastre, Santiago"]
[Result "1/2-1/2"]
[WhiteElo "2222"]
[BlackElo "2389"]
[PlyCount "98"]
[EventDate "2010.12.11"]
[EventType "tourn"]
[EventRounds "9"]
[EventCountry "ESP"]
[EventCategory "4"]
[Source "lmi"]
[SourceDate "2010.12.11"]

1. e4 c5 2. Nf3 Nc6 3. d4 cxd4 4. Nxd4 d5 5. Nc3 dxe4 6. Be3 Nf6 7. Bb5 Bd7 8.
Qe2 e6 9. Rd1 Qc7 10. O-O Bd6 11. Ba4 a6 12. Bxc6 bxc6 13. Nb3 O-O 14. Rxd6
Qxd6 15. Bc5 Qe5 16. Bxf8 Rxf8 17. Rd1 Bc8 18. h3 c5 19. Qe3 c4 20. Nc5 Nd5 21.
Qxe4 Qh5 22. Qe2 Qxe2 23. Nxe2 Rd8 24. Rd4 f6 25. Rxc4 e5 26. Nc3 Nf4 27. Rb4
Bf5 28. Nxa6 Rd2 29. Rb8+ Kf7 30. Nc5 Rxc2 31. a4 Rc1+ 32. Kh2 Rc2 33. N5e4
Bxe4 34. Nxe4 f5 35. Nd6+ Ke6 36. Ne8 Rxf2 37. Nxg7+ Kf6 38. Ne8+ Kg5 39. Rb3
Rxg2+ 40. Kh1 Rd2 41. a5 Rd1+ 42. Kh2 Rd2+ 43. Kg1 Ne2+ 44. Kf1 Nd4 45. Rb4 Kf4
46. a6 Rd1+ 47. Kg2 Rd2+ 48. Kf1 Rd1+ 49. Kg2 Rd2+ 1/2-1/2

[Event "5. Trofeu Illes Balears"]
[Site "Petra ESP"]
[Date "2010.12.13"]
[Round "4.4"]
[White "Garcia Del Rey, Senen"]
[Black "Dovramadjiev, Tihomir"]
[Result "1/2-1/2"]
[WhiteElo "2326"]
[BlackElo "2342"]
[PlyCount "49"]
[EventDate "2010.12.11"]
[EventType "tourn"]
[EventRounds "9"]
[EventCountry "ESP"]
[EventCategory "4"]
[Source "lmi"]
[SourceDate "2010.12.11"]

1. e4 c5 2. Nf3 Nc6 3. d4 cxd4 4. Nxd4 g6 5. Nc3 Bg7 6. Be3 Nf6 7. Bc4 Qa5 8.
O-O O-O 9. h3 d6 10. Re1 Bd7 11. Nb3 Qc7 12. Bf1 a6 13. Bg5 Be6 14. Nd5 Bxd5
15. exd5 Ne5 16. c4 Nxc4 17. Rc1 b5 18. Nd2 Qb7 19. Nxc4 bxc4 20. Bxc4 h6 21.
Bxf6 Bxf6 22. b3 a5 23. a4 Rac8 24. Qd3 Rc5 25. Rc2 1/2-1/2

[Event "5. Trofeu Illes Balears"]
[Site "Petra ESP"]
[Date "2010.12.13"]
[Round "4.5"]
[White "Queirolo Perez, Manuel"]
[Black "Berger, Steve"]
[Result "0-1"]
[WhiteElo "2105"]
[BlackElo "2423"]
[PlyCount "48"]
[EventDate "2010.12.11"]
[EventType "tourn"]
[EventRounds "9"]
[EventCountry "ESP"]
[EventCategory "4"]
[Source "lmi"]
[SourceDate "2010.12.11"]

1. e4 e6 2. d4 d5 3. Nc3 Bb4 4. e5 c5 5. a3 Bxc3+ 6. bxc3 Ne7 7. Qg4 O-O 8. Bd3
f5 9. exf6 Rxf6 10. Bg5 Rf7 11. Qh5 g6 12. Qd1 e5 13. dxe5 Nbc6 14. f4 c4 15.
Be2 Qb6 16. Bf3 Qe3+ 17. Ne2 Nxe5 18. fxe5 Qxg5 19. Bxd5 Nxd5 20. Qxd5 Bg4 21.
Rf1 Raf8 22. Rd1 Qe3 23. Rd2 Bxe2 24. Rxe2 Qc1+ 0-1

[Event "5. Trofeu Illes Balears"]
[Site "Petra ESP"]
[Date "2010.12.14"]
[Round "5.1"]
[White "Berger, Steve"]
[Black "Massanet Massanet, Sebastian"]
[Result "1-0"]
[WhiteElo "2423"]
[BlackElo "2263"]
[PlyCount "65"]
[EventDate "2010.12.11"]
[EventType "tourn"]
[EventRounds "9"]
[EventCountry "ESP"]
[EventCategory "4"]
[Source "lmi"]
[SourceDate "2010.12.11"]

1. e4 e6 2. d3 d5 3. Qe2 Nf6 4. Nf3 Be7 5. g3 c5 6. Bg2 Nc6 7. O-O O-O 8. e5
Nd7 9. c4 Nb6 10. b3 a5 11. a4 Qc7 12. Nc3 Rd8 13. Bf4 Nb4 14. Nb5 Qb8 15. Bg5
Bxg5 16. Nxg5 h6 17. Nh3 Bd7 18. Nd6 Nc8 19. Nxc8 Bxc8 20. Nf4 b6 21. cxd5 exd5
22. Rfe1 Ra7 23. Rad1 d4 24. e6 fxe6 25. Qh5 Re7 26. Qg6 e5 27. Be4 Qd6 28.
Qh7+ Kf7 29. Bg6+ Kf6 30. Nh5+ Kg5 31. h4+ Kg4 32. Re4+ Kf3 33. Nf6 1-0

[Event "5. Trofeu Illes Balears"]
[Site "Petra ESP"]
[Date "2010.12.14"]
[Round "5.2"]
[White "Dovramadjiev, Tihomir"]
[Black "Queirolo Perez, Manuel"]
[Result "1-0"]
[WhiteElo "2342"]
[BlackElo "2105"]
[PlyCount "54"]
[EventDate "2010.12.11"]
[EventType "tourn"]
[EventRounds "9"]
[EventCountry "ESP"]
[EventCategory "4"]
[Source "lmi"]
[SourceDate "2010.12.11"]

1. c4 e5 2. g3 Nf6 3. Bg2 Nc6 4. a3 d5 5. cxd5 Nxd5 6. Nc3 Be6 7. Nf3 Nxc3 8.
bxc3 Qd7 9. Rb1 Rb8 10. d4 exd4 11. cxd4 Bd5 12. O-O Be7 13. e4 Bxe4 14. Ne5
Qd5 15. Bxe4 Qxe4 16. Nxc6 Qxc6 17. Re1 Rd8 18. Bf4 Rd7 19. Qg4 O-O 20. d5 Qa4
21. Rxb7 Rxd5 22. Rxe7 Rd1+ 23. Kg2 Qc6+ 24. Kh3 Rg1 25. Rbxc7 Qg2+ 26. Kh4 Rh1
27. h3 h5 1-0

[Event "5. Trofeu Illes Balears"]
[Site "Petra ESP"]
[Date "2010.12.14"]
[Round "5.3"]
[White "Pons Sastre, Santiago"]
[Black "Garcia Del Rey, Senen"]
[Result "1/2-1/2"]
[WhiteElo "2389"]
[BlackElo "2326"]
[PlyCount "77"]
[EventDate "2010.12.11"]
[EventType "tourn"]
[EventRounds "9"]
[EventCountry "ESP"]
[EventCategory "4"]
[Source "lmi"]
[SourceDate "2010.12.11"]

1. c4 e5 2. Nc3 Nc6 3. Nf3 Nf6 4. e3 Bb4 5. Qc2 Bxc3 6. Qxc3 Qe7 7. a3 a5 8. b4
axb4 9. axb4 Rxa1 10. Qxa1 e4 11. b5 Nb4 12. Nd4 c5 13. bxc6 dxc6 14. Ba3 O-O
15. Be2 Bg4 16. O-O Bxe2 17. Nxe2 c5 18. Bxb4 cxb4 19. Rb1 Rc8 20. Qd4 h6 21.
h3 Rc6 22. c5 Rxc5 23. Qxb4 Rc7 24. Qxe7 Rxe7 25. f3 exf3 26. gxf3 Rc7 27. Nd4
g6 28. Kf2 Kf8 29. e4 Ne8 30. Ke3 Nd6 31. d3 Rc5 32. Rb6 Ke7 33. f4 f6 34. Nf3
Rb5 35. Rxb5 Nxb5 36. Nh4 Kf7 37. d4 Nc3 38. d5 f5 39. exf5 1/2-1/2